The Insects. (Record no. 4010)
[ view plain ]
| 000 -LEADER | |
|---|---|
| fixed length control field | 00542nam a22001937a 4500 |
| 003 - CONTROL NUMBER IDENTIFIER | |
| control field | OSt |
| 005 - DATE AND TIME OF LATEST TRANSACTION | |
| control field | 20160513135703.0 |
| 008 - FIXED-LENGTH DATA ELEMENTS--GENERAL INFORMATION | |
| fixed length control field | 160513b xxu||||| |||| 00| 0 eng d |
| 020 ## - INTERNATIONAL STANDARD BOOK NUMBER | |
| International Standard Book Number | 9781405111133 |
| 040 ## - CATALOGING SOURCE | |
| Transcribing agency | DDC. |
| 082 ## - DEWEY DECIMAL CLASSIFICATION NUMBER | |
| Classification number | 595.7GUL 2005. |
| 100 ## - MAIN ENTRY--PERSONAL NAME | |
| Personal name | Gullan,P.J;Granston,P.S; |
| 9 (RLIN) | 8753 |
| 245 ## - TITLE STATEMENT | |
| Title | The Insects. |
| Remainder of title | An outline of Entomology. |
| 260 ## - PUBLICATION, DISTRIBUTION, ETC. (IMPRINT) | |
| Place of publication, distribution, etc. | USA. |
| Name of publisher, distributor, etc. | Blackwell Publishing. |
| Date of publication, distribution, etc. | 2005. |
| 300 ## - PHYSICAL DESCRIPTION | |
| Extent | xvii,505p; |
| Other physical details | ill; |
| Dimensions | 27cm. |
| 504 ## - BIBLIOGRAPHY, ETC. NOTE | |
| Bibliography, etc | includes index ,references and Glossary. |
| 650 ## - SUBJECT ADDED ENTRY--TOPICAL TERM | |
| Topical term or geographic name as entry element | Biology. |
| 9 (RLIN) | 5602 |
| 942 ## - ADDED ENTRY ELEMENTS (KOHA) | |
| Source of classification or shelving scheme | Dewey Decimal Classification |
| Koha item type | Short Loan |
| Withdrawn status | Lost status | Source of classification or shelving scheme | Damaged status | Not for loan | Home library | Current library | Date acquired | Source of acquisition | Inventory number | Total Checkouts | Full call number | Barcode | Date last seen | Price effective from | Koha item type |
|---|---|---|---|---|---|---|---|---|---|---|---|---|---|---|---|
| Dewey Decimal Classification | MUST Main Library | MUST Main Library | 13/05/2016 | 09/32002 | 595.7GUL 2005. | 2016-1839 | 13/05/2016 | 13/05/2016 | Short Loan | ||||||
| Dewey Decimal Classification | MUST Main Library | MUST Main Library | 13/05/2016 | 09/32007 | 595.7GUL 2005. | 2016-1840 | 13/05/2016 | 13/05/2016 | Short Loan | ||||||
| Dewey Decimal Classification | MUST Main Library | MUST Main Library | 13/05/2016 | 09/32001 | 595.7GUL 2005. | 2016-1841 | 13/05/2016 | 13/05/2016 | Short Loan | ||||||
| Dewey Decimal Classification | MUST Main Library | MUST Main Library | 13/05/2016 | 09/32010 | 595.7GUL 2005. | 2016-1842 | 13/05/2016 | 13/05/2016 | Short Loan | ||||||
| Dewey Decimal Classification | MUST Main Library | MUST Main Library | 13/05/2016 | 09/32008 | 595.7GUL 2005. | 2016-1843 | 13/05/2016 | 13/05/2016 | Short Loan | ||||||
| Dewey Decimal Classification | MUST Main Library | MUST Main Library | 13/05/2016 | 09/32005 | 595.7GUL 2005. | 2016-1844 | 13/05/2016 | 13/05/2016 | Short Loan | ||||||
| Dewey Decimal Classification | MUST Main Library | MUST Main Library | 13/05/2016 | 09/32009 | 595.7GUL 2005. | 2016-1845 | 13/05/2016 | 13/05/2016 | Short Loan | ||||||
| Dewey Decimal Classification | MUST Main Library | MUST Main Library | 06/02/2020 | Purchase | 09/32003 | 595.7GUL 2005. | 2020-0395 | 06/02/2020 | 06/02/2020 | Open Shelf |
